000
00318nam a22001457a 4500
005
20160620140914.0
008
160620b xxu||||| |||| 00| 0 eng d
020
_a
978-0-19-479911-9
041
_a
eng
082
_b
8552
245
_a
Advanced learners Dictionary
260
_b
Oxford
300
_a
1796
942
_c
BK
999
_c
3279
_d
3278